000 00469nam a22001697a 4500
999 _c40533
_d40533
003 OSt
005 20201130105722.0
008 201130b ||||| |||| 00| 0 eng d
020 _a8184234880
040 _coclc
082 _a894.8123
_bMOH/U
100 _aMohankumar, K V
_96553
245 _aUshnaashi /
_c K V Mohankumar
260 _aTHRISSUR:
_bGREEN BOOKS,
_c2018.
300 _a448p
942 _cBK
_2ddc
_h894.8123
_iMOH/U
_k894.8123
_mMOH/U